000
00268nam a22001097a 4500
008
170126b xxu||||| |||| 00| 0 eng d
020
_a
9780195059021
041
_a
eng
080
_2
3RD
_a
61
245
_a
PRINCIPLES OF BIOMEDICAL ETHICS
_c
BEAUCHAMP, T.L
942
_2
udc
_c
BK
999
_c
3730
_d
3730